| 000 | 00411nam a22001577a 4500 | ||
|---|---|---|---|
| 008 | 250605b |||||||| |||| 00| 0 eng d | ||
| 020 | _a0333620224 | ||
| 050 |
_aQA 37 _b.S 44 |
||
| 100 | _aStroud K A | ||
| 245 | _aEngineering mathematics programmes and problems | ||
| 250 | _a4th | ||
| 260 |
_alondon _bMcMillan press limited _c1995 |
||
| 300 | _a1032p | ||
| 650 | _aEngineering mathematics | ||
| 942 | _cBK | ||
| 999 |
_c3815 _d3815 |
||